| 000 | 00670nam a22002057a 4500 | ||
|---|---|---|---|
| 999 |
_c76448 _d76448 |
||
| 005 | 20230213102447.0 | ||
| 010 | _aENG-107539 ENG-135905 | ||
| 020 |
_a9788170947950 _c295.00 |
||
| 035 | _aEN-91072 | ||
| 035 | _aEN-119437 | ||
| 037 | _bDBAD/PUB | ||
| 082 | _a332.6322 | ||
| 100 | _aPalat, Raghu | ||
| 245 |
_aFundamental analysis for investors : _bhow to make consistent, long-term profits in the stock market/ _cby Raghu Palat |
||
| 260 |
_aNew Delhi _bVision Books _c2013 |
||
| 270 |
_a24, Feroze Gandhi Road, Lajpat Nagar-III _bNew Delhi _e110024 |
||
| 300 |
_a192p. _c23cm(pbk) |
||
| 500 | _aIncludes index | ||
| 942 |
_2ddc _cEN _mPAL _h332.6322 |
||